| 000 | 00714nam a22002297a 4500 | ||
|---|---|---|---|
| 005 | 20170124110224.0 | ||
| 010 | _aA-947182 | ||
| 020 |
_c395.00 _a8186982086 |
||
| 035 | _aA-947182 | ||
| 037 | _bCen Lib/Ret | ||
| 040 |
_aDPL _bEN |
||
| 082 |
_a781.68 _bBAG |
||
| 100 |
_aBagchee, Sandeep _924104 |
||
| 245 |
_aNad : _cby Sandeep Bagchee _bunderstanding raga music / |
||
| 260 |
_aMumbai _bCeshwar _c1998 |
||
| 270 |
_bMumbai _a229A karantiver rajguru marg, girgaon _e400004 |
||
| 300 |
_a382p. _c21cm(Hb) |
||
| 500 | _aIncludes glossary and bibliographical references | ||
| 650 |
_aRaga music _940477 |
||
| 650 |
_aHindustani music _xTheory _940478 |
||
| 942 |
_2ddc _cEN _h781.68 _mBAG |
||
| 999 |
_c134341 _d134341 |
||